• 首页
  • 本馆介绍
  • 公告通知
  • 最新文献
  • 馆藏检索
  • 电子资源
  • 读者导购
  • 参考咨询
  • 我的图书馆
  • 登录
  • 详细信息显示
  • 放入我的书架
  • 预约/预借图书
  • 作者相关作品
  • 分类相关作品
  • 丛书相关作品
  • 出版社相关作品

书目信息

  • 表格格式
  • 工作单格式
  • 卡片格式
题名:
藤蔓植物与景观
    
 
作者: 张金政 , 林秦文 主编
分册:  
出版信息: 北京   中国林业出版社  2015
页数: 277页
开本: 23cm
丛书名: 植物与景观丛书
单 册:
中图分类: S687.3 , TU986.2
科图分类:
主题词: 攀缘植物--观赏园艺 , 攀缘植物--景观设计
电子资源:
ISBN: 978-7-5038-7654-7
000 01359oam2 2200301 450
001 012015000031
005 20151130095649.93
010    @a978-7-5038-7654-7@dCNY92.00
100    @a20151327d2015 em y0chiy0110 ea
101 0  @achi
102    @aCN@b110000
105    @aa z 001yy
106    @ar
200 1  @a藤蔓植物与景观@Ateng man zhi wu yu jing guan@dOrnamental climbing plants and landscape@f张金政,林秦文主编@zeng
210    @a北京@c中国林业出版社@d2015
215    @a277页@c彩图@d23cm
225 2  @a植物与景观丛书
330    @a本书共包含7章,前3章分别对藤蔓植物概况、栽培与繁殖技术、藤蔓植物的应用等基础知识进行扼要介绍;后4章主要根据藤蔓植物的攀缘生长习性和应用方式,将具有观赏及应用价值的国内外藤蔓植物分为缠绕(茎缠绕)、卷须(茎卷须、枝条卷须、叶卷须、托叶卷须、卷须状叶柄)、吸附(卷须吸附、细根吸附)和蔓生(钩、刺及无特殊攀缘器官)4类藤蔓植物分别撰写了近300种植物,配有1000余副彩图。并重点介绍了每个代表种藤蔓植物的形态特征、习性、栽培、繁育、修剪及应用等关键技术。
410  0 @12001 @a植物与景观丛书
510 1  @aOrnamental climbing plants and landscape@zeng
606 0  @a攀缘植物@x观赏园艺
606 0  @a攀缘植物@x景观设计
690    @aS687.3@v5
690    @aTU986.2@v5
701  0 @a张金政@Azhang jin zheng@4主编
701  0 @a林秦文@Alin qin wen@4主编
801  0 @aCN@b碧洲教育@c20151127
905    @a10447@f3@dS687.3@e404
    
    藤蔓植物与景观=Ornamental climbing plants and landscape/张金政,林秦文主编.-北京:中国林业出版社,2015
    277页:彩图;23cm.-(植物与景观丛书)
    
    
    ISBN 978-7-5038-7654-7:CNY92.00
    本书共包含7章,前3章分别对藤蔓植物概况、栽培与繁殖技术、藤蔓植物的应用等基础知识进行扼要介绍;后4章主要根据藤蔓植物的攀缘生长习性和应用方式,将具有观赏及应用价值的国内外藤蔓植物分为缠绕(茎缠绕)、卷须(茎卷须、枝条卷须、叶卷须、托叶卷须、卷须状叶柄)、吸附(卷须吸附、细根吸附)和蔓生(钩、刺及无特殊攀缘器官)4类藤蔓植物分别撰写了近300种植物,配有1000余副彩图。并重点介绍了每个代表种藤蔓植物的形态特征、习性、栽培、繁育、修剪及应用等关键技术。
●
相关链接 在E读中查询图书 在五车中查询图书 在当当中查询图书 在豆瓣中查询图书


正题名:藤蔓植物与景观     索取号:S687.3/404         预约/预借

序号 登录号 条形码 馆藏地/架位号 状态 备注
1 0871681   208716816   第二样本阅览室/ [索取号:S687.3/404] 在馆    
2 0871682   208716825   第三借阅区/ [索取号:S687.3/404] 在馆    
3 0871683   208716834   第三借阅区/ [索取号:S687.3/404] 在馆    
唐山师范学院图书馆 欢迎您!
大连网信软件有限公司© 版权所有